[Event "Llinars del Valles op-B 6th"]
[Site "Llinars del Valles"]
[Date "2012.04.14"]
[Round "1"]
[White "Barra Sanz, Adria"]
[Black "Izquierdo Fuster, Joan"]
[Result "1-0"]
[WhiteElo "1668"]
[BlackElo "1239"]
[PlyCount "51"]
[EventDate "2012.04.14"]
[EventType "swiss"]
[EventRounds "9"]
[EventCountry "ESP"]
[SourceTitle "EXT 2013"]
[Source "ChessBase"]
[SourceDate "2012.11.22"]
[SourceVersion "1"]
[SourceVersionDate "2012.11.22"]
[SourceQuality "1"]

1. e4 e5 2. Nf3 Bd6 3. Bc4 Nf6 4. d3 h6 5. 0-0 Nc6 6. Nc3 Bc5 7. Na4 Be7 8. h3 d6 9. Nc3 Nb4 10. a3 Nc6 11. Be3 Bd7 12. Nh2 Na5 13. Ba2 Bc6 14. b4 b6 15. bxa5 bxa5 16. f4 Qb8 17. Rb1 Qd8 18. Ng4 Nd7 19. fxe5 dxe5 20. Bxf7+ Kf8 21. Bd5+ Nf6 22. Bxc6 Rc8 23. Nxe5 Kg8 24. Nd5 Nxd5 25. Bxd5+ Kh7 26. Qg4 1-0

[Event "Sabadell Coral Colon op 6th"]
[Site "Sabadell"]
[Date "2012.04.04"]
[Round "9"]
[White "Barra Sanz, Adria"]
[Black "Martinez Ferrer, Albert"]
[Result "1/2-1/2"]
[WhiteElo "1668"]
[BlackElo "1815"]
[PlyCount "144"]
[EventDate "2012.02.10"]
[EventType "swiss"]
[EventRounds "9"]
[EventCountry "ESP"]
[SourceTitle "EXT 2014"]
[Source "ChessBase"]
[SourceDate "2013.11.20"]
[SourceVersion "1"]
[SourceVersionDate "2013.11.20"]
[SourceQuality "1"]

1. e3 d5 2. d4 Nf6 3. Bd3 Bg4 4. Nf3 e6 5. 0-0 c5 6. c3 c4 7. Be2 Nc6 8. b3 b5 9. bxc4 bxc4 10. Ba3 Bxa3 11. Nxa3 Qa5 12. Qc1 Ne4 13. Nb1 0-0 14. h3 Bh5 15. Re1 Rab8 16. Nbd2 Bg6 17. Nxe4 Bxe4 18. Nd2 Bg6 19. e4 Rb7 20. a3 Rfb8 21. Ra2 h6 22. Qc2 Bxe4 23. Nxe4 Nxd4 24. Qd2 Nxe2+ 25. Qxe2 dxe4 26. Qxc4 Rc7 27. Qxe4 Rxc3 28. Qe5 Qxe5 29. Rxe5 a6 30. Ra5 Rb6 31. Rd2 Kf8 32. Rd7 g5 33. Ra7 Rcc6 34. Ra4 Kg7 35. Rd4 Rd6 36. Rc4 e5 37. Rcc7 Rf6 38. Rc2 Rb3 39. Ra2 Rfb6 40. a4 Kg6 41. Rc7 f6 42. Rc4 Rd6 43. Re4 h5 44. Rc4 f5 45. Rc8 Rb7 46. Kh2 h4 47. Rac2 f4 48. R2c5 Re6 49. Rg8+ Rg7 50. Rf8 Rf7 51. Rg8+ Kf6 52. Rh8 Kg7 53. Ra8 Kf6 54. Ra5 Kf5 55. R5xa6 Rxa6 56. Rxa6 Rb7 57. a5 Rb2 58. f3 e4 59. Rb6 Re2 60. fxe4+ Rxe4 61. a6 Ra4 62. Kg1 Ra2 63. Kf1 Ke4 64. Re6+ Kf5 65. Rb6 Ra5 66. Rc6 Ke5 67. Rg6 Ke4 68. a7 Rxa7 69. Rxg5 Rh7 70. Rg8 Rh5 71. Kf2 Re5 72. Rg4 Rh5 1/2-1/2

[Event "Barcelona Sants op-B 11th"]
[Site "Barcelona"]
[Date "2009.07.21"]
[Round "9"]
[White "Barra Sanz, Adria"]
[Black "Benet Saniger, Xavier"]
[Result "0-1"]
[WhiteElo "1569"]
[BlackElo "1806"]
[PlyCount "89"]
[EventDate "2009.07.13"]
[EventType "swiss"]
[EventRounds "9"]
[EventCountry "ESP"]
[SourceTitle "EXT 2011"]
[Source "ChessBase"]
[SourceDate "2010.11.26"]
[SourceVersion "1"]
[SourceVersionDate "2010.11.26"]
[SourceQuality "1"]

1. e4 d5 2. exd5 Nf6 3. Bc4 g6 4. Nc3 Nbd7 5. Bb3 Nb6 6. Nge2 Nbxd5 7. 0-0 Bg7 8. d3 0-0 9. Bd2 b6 10. Qc1 Bb7 11. Bh6 Ng4 12. Bxg7 Qd6 13. Ng3 Kxg7 14. Bxd5 Bxd5 15. Nxd5 Qxd5 16. Qf4 Qd7 17. Rfe1 e5 18. Qg5 h6 19. Qd2 Rfe8 20. Qc3 Qd4 21. Qxd4 exd4 22. h3 Nf6 23. Kf1 Nd5 24. a3 c5 25. Rxe8 Rxe8 26. Re1 Rxe1+ 27. Kxe1 f5 28. Ke2 Kf6 29. Kf3 Ke5 30. Ne2 b5 31. g3 g5 32. Nc1 c4 33. Na2 a5 34. b4 cxb3 35. cxb3 h5 36. g4 fxg4+ 37. hxg4 h4 38. Nc1 Nc3 39. Ne2 Nxe2 40. Kxe2 Kf4 41. Kf1 Kxg4 42. Kg2 h3+ 43. Kh2 Kf3 44. Kxh3 Kxf2 45. Kg4 0-1

[Event "Barcelona Sants op-B 11th"]
[Site "Barcelona"]
[Date "2009.07.16"]
[Round "4"]
[White "Llopis Jordan, Lluis"]
[Black "Barra Sanz, Adria"]
[Result "1/2-1/2"]
[WhiteElo "1890"]
[BlackElo "1569"]
[PlyCount "71"]
[EventDate "2009.07.13"]
[EventType "swiss"]
[EventRounds "9"]
[EventCountry "ESP"]
[SourceTitle "EXT 2011"]
[Source "ChessBase"]
[SourceDate "2010.11.26"]
[SourceVersion "1"]
[SourceVersionDate "2010.11.26"]
[SourceQuality "1"]

1. e4 e6 2. d4 d5 3. e5 c5 4. c3 Nc6 5. f4 Qb6 6. Nf3 Bd7 7. Be2 Nh6 8. 0-0 cxd4 9. cxd4 Nf5 10. Kh1 Nfxd4 11. Nc3 Nxe2 12. Qxe2 Be7 13. Rd1 0-0 14. f5 Kh8 15. Ng5 Nd4 16. Qh5 Bxg5 17. Bxg5 Nxf5 18. Rd3 Be8 19. Rh3 h6 20. Qf3 Kg8 21. g4 hxg5 22. gxf5 d4 23. Ne4 Bc6 24. Re1 Bxe4 25. Rxe4 Qc6 26. f6 g6 27. Rh8+ Kxh8 28. Qh3+ Kg8 29. Qh6 Qxe4+ 30. Kg1 Qg4+ 31. Kh1 Qd1+ 32. Kg2 Qd2+ 33. Kg1 Qe1+ 34. Kg2 Qe2+ 35. Kg1 Qg4+ 36. Kh1 1/2-1/2

[Event "Barcelona Sants op-B 11th"]
[Site "Barcelona"]
[Date "2009.07.13"]
[Round "1"]
[White "Barra Sanz, Adria"]
[Black "Gutierrez Leon, Cristobal"]
[Result "0-1"]
[WhiteElo "1569"]
[BlackElo "1943"]
[PlyCount "91"]
[EventDate "2009.07.13"]
[EventType "swiss"]
[EventRounds "9"]
[EventCountry "ESP"]
[SourceTitle "EXT 2011"]
[Source "ChessBase"]
[SourceDate "2010.11.26"]
[SourceVersion "1"]
[SourceVersionDate "2010.11.26"]
[SourceQuality "1"]

1. e4 c6 2. d4 d5 3. exd5 cxd5 4. Nf3 Nf6 5. Be2 e6 6. 0-0 h6 7. Nbd2 Nc6 8. c3 Qc7 9. Ne1 Bd6 10. Ndf3 0-0 11. Nd3 Nd7 12. Be3 b6 13. Qd2 e5 14. dxe5 Ncxe5 15. Ndxe5 Nxe5 16. Nxe5 Bxe5 17. f4 Bf6 18. Qxd5 Bb7 19. Qc4 Qe7 20. Bf2 Rac8 21. Qd3 Qc7 22. Qc2 Bd5 23. Bg3 Qc6 24. Bf3 Bxf3 25. Rxf3 Rfe8 26. Bf2 Qb5 27. Re3 Rxe3 28. Bxe3 Re8 29. Kf2 Bh4+ 30. g3 Be7 31. a4 Qh5 32. Kg1 Bc5 33. Bxc5 Re2 34. Qxe2 Qxe2 35. Bd4 Qxb2 36. Re1 Kf8 37. f5 Qc2 38. f6 gxf6 39. Bxf6 Qxa4 40. Kf2 Qc2+ 41. Ke3 Qxh2 42. Rd1 Qxg3+ 43. Ke2 Qg4+ 44. Ke1 Qe6+ 45. Kd2 Qxf6 46. Kc2 0-1